CMMI distilled : (Record no. 178994)
[ view plain ]
| 000 -LEADER | |
|---|---|
| fixed length control field | 00989 a2200253 4500 |
| 003 - CONTROL NUMBER IDENTIFIER | |
| control field | Nust |
| 005 - DATE AND TIME OF LATEST TRANSACTION | |
| control field | 20230530093238.0 |
| 010 ## - LIBRARY OF CONGRESS CONTROL NUMBER | |
| LC control number | 2003012672 |
| 020 ## - INTERNATIONAL STANDARD BOOK NUMBER | |
| International Standard Book Number | 0321186133 (alk. paper) |
| 040 ## - CATALOGING SOURCE | |
| Transcribing agency | Nust |
| 082 00 - DEWEY DECIMAL CLASSIFICATION NUMBER | |
| Classification number | 005.1,AHE |
| 100 1# - MAIN ENTRY--PERSONAL NAME | |
| Personal name | Ahern, Dennis M. |
| 9 (RLIN) | 112843 |
| 245 10 - TITLE STATEMENT | |
| Title | CMMI distilled : |
| Remainder of title | a practical introduction to integrated process improvement / |
| Statement of responsibility, etc. | Dennis M. Ahern, Aaron Clouse, Richard Turner. |
| 250 ## - EDITION STATEMENT | |
| Edition statement | 2nd ed. |
| 260 ## - PUBLICATION, DISTRIBUTION, ETC. | |
| Place of publication, distribution, etc. | singapore |
| Name of publisher, distributor, etc. | Pearson Education |
| Date of publication, distribution, etc. | c2004. |
| 300 ## - PHYSICAL DESCRIPTION | |
| Extent | xviii, 305 p. : |
| Other physical details | ill. ; |
| Dimensions | 24 cm. |
| 490 0# - SERIES STATEMENT | |
| Series statement | SEI series in software engineering |
| 505 ## - FORMATTED CONTENTS NOTE | |
| Formatted contents note | Integrated process improvement (page-1), the CMMI models (page-39), using CMMI (page-151), The future of CMMI (page-183). |
| 650 #0 - SUBJECT ADDED ENTRY--TOPICAL TERM | |
| Topical term or geographic name entry element | Capability maturity model (Computer software) |
| 9 (RLIN) | 94550 |
| 700 1# - ADDED ENTRY--PERSONAL NAME | |
| Personal name | Clouse, Aaron. |
| 9 (RLIN) | 112844 |
| 700 1# - ADDED ENTRY--PERSONAL NAME | |
| Personal name | Turner, Richard, |
| Dates associated with a name | 1954- |
| 9 (RLIN) | 112845 |
| 856 41 - ELECTRONIC LOCATION AND ACCESS | |
| Materials specified | Table of contents |
| Uniform Resource Identifier | <a href="http://www.loc.gov/catdir/toc/ecip045/2003012672.html">http://www.loc.gov/catdir/toc/ecip045/2003012672.html</a> |
| 942 ## - ADDED ENTRY ELEMENTS (KOHA) | |
| Source of classification or shelving scheme | |
| Koha item type | Book Bank |
| Withdrawn status | Lost status | Source of classification or shelving scheme | Damaged status | Not for loan | Permanent Location | Current Location | Shelving location | Date acquired | Full call number | Barcode | Date last seen | Price effective from | Koha item type | Public note |
|---|---|---|---|---|---|---|---|---|---|---|---|---|---|---|
| Military College of Signals (MCS) | Military College of Signals (MCS) | General Stacks | 12/12/2016 | 005.1,AHE | MCS31106 | 12/08/2016 | 12/12/2016 | Book | Almirah No.80, Shelf No.1 |
